[Event "Washington Class Championships"]
[Site "Lynnwood, WA"]
[Date "2013.11.29"]
[Round "1"]
[White "Leslie Cameron  (ID)"]
[Black "He Daniel  (WA)"]
[Result "0-1"]
[WhiteElo "2045"]
[BlackElo "2206"]
[Annotator ""]
[Source ""]
[Remark "Master"]

1.d4 Nf6 2.c4 e6 3.Nc3 Bb4 4.e3 b6 5.Nge2 O-O 6.a3 Be7 7.Nf4
Bb7 8.Bd3 d6 9.d5 e5 ( 9...e5 10.Nh3 a5 11.Ng5 Nbd7 12.h4 Nc5
13.Bc2 Bc8 14.Rb1 Qd7 15.b4 Nb7 16.f3 h6 17.g4 c6 18.Qd3 Rd8
19.Ba4 hxg5 20.dxc6 e4 21.Qc2 Qc7 22.Nb5 Qb8 23.hxg5 exf3 24.Bb2
Bxg4 25.gxf6 Bxf6 26.Bxf6 gxf6 27.Qh7+ Kf8 28.Qh8+ {1-0, Paasikangas-T Johanna (FIN) 2325 - Schroecker Maria-Luise (AUT) 2108, Athens (Greece) 1997}
) 10.Nfe2 c6 11.Ng3 g6 12.Bc2 cxd5 13.cxd5 b5 14.O-O a6 15.e4
Nfd7 16.Qg4 Kh8 17.Bh6 Rg8 18.Na2 f5 19.exf5 Nf6 20.Qd1 g5 21.Nc3
Nbd7 22.Nge4 Qe8 23.Qd3 Nh5 24.f6 Ndxf6 25.Bxg5 Qf7 26.Bxf6+
Nxf6 27.Nxf6 Bxf6 28.Rad1 Rac8 29.f4 Qg7 30.g3 Rc4 31.Bb3 Rd4
32.Qe2 exf4 33.Ne4 Rxd1 34.Rxd1 Be5 35.Rd3 Bc8 36.Bc2 fxg3 37.Nxg3
Bxb2 0-1

[Event "Washington Class Championships"]
[Site "Lynnwood, WA"]
[Date "2013.11.29"]
[Round "1"]
[White "Condren Levi  (WA)"]
[Black "Tu Robin  (WA)"]
[Result "0-1"]
[WhiteElo "1364"]
[BlackElo "1538"]
[Annotator ""]
[Source ""]
[Remark "C"]

1.e4 d6 2.d4 Nf6 3.Nc3 g6 4.Nf3 Bg7 5.Bd3 O-O 6.O-O Nbd7 7.Bf4
c5 8.d5 a6 9.a4 Rb8 10.Nd2 Nh5 11.Bg5 Ne5 12.f4 Nxd3 13.cxd3
Re8 14.Nc4 b5 15.axb5 axb5 16.Qb3 b4 17.Ne2 Bg4 18.Ng3 Nxg3 19.hxg3
h6 20.Bh4 f6 21.Ne3 Qb6 22.Kh1 h5 23.Ra2 Bh6 24.Rfa1 g5 25.Ra6
Qc7 26.Ra7 Rb7 27.Rxb7 Qxb7 28.fxg5 fxg5 29.Nxg4 hxg4 30.Bxg5
Bxg5 31.Qd1 Qd7 32.Qe2 Kg7 33.Rf1 Bf6 34.Rf5 Rh8+ 35.Kg1 Bd4+
36.Kf1 Rh1# 0-1

[Event "Washington Class Championships"]
[Site "Lynnwood, WA"]
[Date "2013.11.29"]
[Round "1"]
[White "Haining Breck  (WA)"]
[Black "Truluck Maxwell  (WA)"]
[Result "1-0"]
[WhiteElo "1414"]
[BlackElo "1294"]
[Annotator ""]
[Source ""]
[Remark "D"]

1.e4 c5 2.Nf3 Nc6 3.Nc3 g6 4.d4 cxd4 5.Nxd4 Bg7 6.Be3 Nf6 7.Bb5
O-O 8.O-O a6 9.Nxc6 dxc6 10.Be2 Qc7 11.Bf3 Rd8 12.Qe2 h5 13.Na4
Qe5 14.Nb6 Bg4 15.Nxa8 Rxa8 16.c3 Qxe4 17.Bxg4 Nxg4 18.Rfe1 Qe5
19.g3 Nxe3 20.Qxe3 Qxe3 21.Rxe3 e6 22.Rd1 Kf8 23.Kg2 Ke8 24.h3
Rd8 25.Red3 Rxd3 26.Rxd3 Ke7 27.f4 e5 28.Re3 f6 29.Kf3 Kd6 30.fxe5+
fxe5 31.Re4 g5 32.g4 h4 33.b3 Kd5 34.Re3 Bf6 35.Rd3+ Ke6 36.Ke4
b5 37.a4 Be7 38.axb5 axb5 39.Rd2 b4 40.Rc2 c5 41.cxb4 cxb4 42.Rc6+
Bd6 43.Rc8 Be7 44.Re8 Kf6 45.Rxe7 Kxe7 46.Kxe5 Kf7 47.Kf5 Kg7
48.Kxg5 Kh7 49.Kxh4 Kg6 50.g5 Kh7 51.Kg4 Kg6 52.h4 Kg7 53.Kf5
Kh7 54.h5 Kg7 55.h6+ Kh8 56.g6 Kg8 57.Kf6 Kh8 58.g7+ Kg8 59.h7+
Kxh7 60.Kf7 Kh6 61.g8Q Kh5 62.Qg3 Kh6 63.Qg4 Kh7 64.Qh4# 1-0

[Event "Washington Class Championships"]
[Site "Lynnwood, WA"]
[Date "2013.11.29"]
[Round "1"]
[White "Anthony Ralph  (WA)"]
[Black "Sullivan Brian  (CAN)"]
[Result "1/2-1/2"]
[WhiteElo "1743"]
[BlackElo "1599"]
[Annotator ""]
[Source ""]
[Remark "B"]

1.e4 c5 2.Nf3 d6 3.d4 cxd4 4.Nxd4 a6 5.c4 Nf6 6.f3 e5 7.Nc2 Be6
8.Nc3 Nbd7 9.Be3 Rc8 10.Nd5 Bxd5 11.cxd5 Be7 ( 11...Nxe4 12.fxe4
Qh4+ 13.Bf2 Qxe4+ 14.Ne3 f5 15.Bd3 Qb4+ 16.Qd2 Qxd2+ 17.Kxd2
g6 18.Rac1 Rb8 19.g3 Be7 20.Ke2 e4 21.Bb1 Bf6 22.b4 Ne5 23.Nc4
Nxc4 24.Rxc4 Kd7 25.g4 Rbc8 26.Rxc8 Rxc8 27.gxf5 gxf5 28.Rf1
Be7 29.Be3 Rc4 30.a3 Rc3 31.Rxf5 Rxa3 32.Rf7 Ke8 33.Rxh7 Rb3
34.Bxe4 Rxb4 35.Bf5 a5 36.Bd2 Rb2 37.Kd1 a4 38.Rh8+ Kf7 39.Be6+
Kg6 40.Rh6+ Kg7 41.Bc3+ Kxh6 42.Bxb2 {1-0, Varga Zoltan (HUN) 2538 - Marceta Milan (CRO) 2160, Rabac (Croatia) 2004.05}
) 12.Be2 O-O 13.O-O Nc5 14.Qd2 Qe8 15.Rfc1 b5 16.Nb4 Nfd7 17.Nc6
Nb8 18.Nxb8 Rxb8 19.b4 Na4 20.Rc6 Ra8 21.Rac1 h6 22.Bd1 f5 23.Qe2
fxe4 24.fxe4 Qg6 25.Bxa4 bxa4 26.Qc4 Bg5 27.Bxg5 Qxg5 28.Rxd6
Qe3+ 29.Kh1 Rf5 30.Rc6 Raf8 31.d6+ Kh7 32.h3 Rf3 33.d7 Rxh3+
{  (White got lucky here, inasmuch as Black has a forced mate in 11.  It may be
beyond many of us to see that deeply, but seeing 34.gxh3 Qxh3  35. Kg1 Qe3+ 36.
Kh1 Rf2 should be enough.  The pawn queens too late to prevent the mate.)^013^010
}
 1/2-1/2

[Event "Washington Class Championships"]
[Site "Lynnwood, WA"]
[Date "2013.11.29"]
[Round "1"]
[White "Omori Michael  (WA)"]
[Black "Roper David  (WA)"]
[Result "0-1"]
[WhiteElo "2179"]
[BlackElo "2228"]
[Annotator ""]
[Source ""]
[Remark "Master"]

1.e4 c5 2.d4 cxd4 3.c3 dxc3 4.Nxc3 Nc6 5.Nf3 e6 6.Bc4 a6 7.O-O
Qc7 8.Bb3 Bd6 9.Be3 b5 10.Rc1 Qb8 11.h3 Nf6 12.Nd4 O-O 13.f4
Nxd4 14.Qxd4 e5 15.fxe5 Bxe5 16.Qd3 Bb7 17.Bd4 Re8 18.Rf5 b4
19.Bxe5 Rxe5 20.Nd5 Rxf5 21.exf5 Bxd5 22.Bxd5 Qb6+ 23.Kh1 Rf8
24.Qb3 Qb8 25.Bc4 a5 26.a3 h5 27.axb4 axb4 28.Qd3 Qe5 29.Qc2
Ne4 30.Qb3 Ng3+ 31.Kg1 d5 32.Ba6 Nxf5 33.Rd1 Rd8 34.Qxb4 d4 35.Qd2
Rd6 36.Bd3 Ne7 37.Rc1 f5 38.b4 Rg6 39.Bf1 Qf6 40.Qf2 Qg5 41.Qa2+
Kh7 42.Rc8 Qf4 43.Qg8+ Kh6 44.Qh8+ Kg5 45.Be2 Qh4 46.Kh2 Kf4
47.Bf3 Rxg2+ 48.Bxg2 Qg3+ {%02
 ( I admit to being confused.  Maybe I have read something wrong, but as best
as I can decipher the scoresheet, this is the position they reach at the end.
However, it should not be a win for Black, as my computer has it as even as
possible (-0.01).  Perhaps the game went beyond what is shown on the
scoresheet.  Perhaps time ran out.  Perhaps White saw a threat that didn't
really exist.  Only the two combatants know for sure....)} 0-1

[Event "Washington Class Championships"]
[Site "Lynnwood, WA"]
[Date "2013.11.29"]
[Round "1"]
[White "Mitchell Mika  (WA)"]
[Black "Damish Todd  (WA)"]
[Result "1-0"]
[WhiteElo "1820"]
[BlackElo "1701"]
[Annotator ""]
[Source ""]
[Remark "A"]

1.e4 d6 2.Nc3 c5 3.f4 Nf6 4.Nf3 g6 5.Bb5+ Bd7 6.Bc4 a6 7.a4 Nc6
8.d3 Bg7 9.O-O Bg4 10.h3 Bxf3 11.Qxf3 e6 12.Be3 ( 12.Be3 Qe7
13.Qf2 Nd7 14.Ne2 Bxb2 15.Rab1 Bg7 16.Ba2 Nb4 17.Bb3 O-O 18.d4
cxd4 19.Bxd4 Bxd4 20.Nxd4 Nc5 21.f5 Nxe4 22.Qe1 d5 23.f6 Qc5
24.c3 Nxc3 {0-1, Lurje Pawel (SUI) 2172 - Gruenenwald Joerg (SUI) 2354, Baden (Switzerland) 2000}
) O-O 13.g4 Nd4 14.Qg2 Nd7 15.f5 Ne5 16.fxe6 Nxe6 17.Nd5 Nxc4
18.dxc4 Bd4 19.g5 Rc8 20.c3 Kg7 21.h4 f6 22.gxf6+ Bxf6 23.Qg4
Qe8 24.Rxf6 Rxf6 25.Nxf6 Kxf6 26.Rf1+ Kg7 27.b3 Qe7 28.Bg5 Qd7
29.Bf6+ Kg8 30.h5 Nf8 31.Qf3 Re8 32.Rd1 Qe6 33.hxg6 Nxg6 34.Qf5
Qxf5 35.exf5 Ne7 36.Bxe7 Rxe7 37.Rxd6 Re3 38.Rb6 Rf3 39.f6 h5
40.Rxb7 Rxf6 41.b4 Rf4 42.b5 axb5 43.cxb5 Rxa4 44.Rc7 Rc4 45.b6
Rxc3 46.b7 Rb3 47.Rc8+ Kg7 48.b8Q Rxb8 49.Rxb8 1-0

[Event "Washington Class Championships"]
[Site "Lynnwood, WA"]
[Date "2013.11.29"]
[Round "1"]
[White "Eken Winston  (WA)"]
[Black "Kirsch Ronald  (WA)"]
[Result "1/2-1/2"]
[WhiteElo "1622"]
[BlackElo "1740"]
[Annotator ""]
[Source ""]
[Remark "B"]

1.e4 d5 2.exd5 Nf6 3.d4 Nxd5 4.c4 Nb6 5.Nf3 Bg4 6.Be2 Nc6 7.d5
Bxf3 8.Bxf3 Ne5 9.b3 e6 10.dxe6 Bb4+ ( 10...Qf6 11.exf7+ Nxf7
12.Qe2+ Ne5 13.Bb2 Bb4+ 14.Kf1 Nbd7 15.Bxb7 Rd8 16.a3 Bd6 17.Bd5
c6 18.Bxc6 O-O 19.Bd5+ Kh8 20.Nd2 Rde8 21.Ne4 Qh4 22.Nxd6 Nd3
23.Nxe8 Rxf2+ 24.Kg1 N7e5 25.Bxe5 {1-0, Eltsine Michail (GER) 2318 - Kendziorra Sascha, Dortmund (Germany) 1998}
) 11.Kf1 Qxd1+ 12.Bxd1 O-O-O 13.Bc2 Nd3 14.Bxd3 Rxd3 15.Ke2 Rd6
16.exf7 Re6+ 17.Kf3 Rf8 18.Be3 Rxf7+ 19.Kg3 Bd6+ 20.Kh3 Be5 21.Nd2
Bxa1 22.Rxa1 Rd7 23.Nf3 Rd3 24.Nd4 Re4 25.Nf3 h6 26.Ne1 Rc3
( 26...Rd8 ) 27.Rd1 Nd7 28.g3 Re6 29.Rb1 Rcxe3 30.fxe3 Rxe3 31.Ng2
Re5 32.Nf4 Nf6 33.Rb2 g5 34.Nd3 Re3 35.Nf2 h5 36.Kg2 Kd7 37.Rd2+
Ke7 38.Nd1 Re5 39.Nc3 c6 40.Re2 Ke6 41.Rd2 Re3 42.Nd1 Ne4 43.Nxe3
Nxd2 44.Kf2 Ke5 45.h4 Ne4+ 46.Kg2 gxh4 47.gxh4 Kf4 48.Nf1 Kg4
49.Ne3+ Kxh4 50.Nf5+ Kg5 51.Ne7 Nc3 52.a4 Ne4 53.b4 Nc3 54.b5
cxb5 55.axb5 Ne4 56.Nc8 a5 57.bxa6 bxa6 58.Nb6 Nc5 59.Nd5 a5
60.Nc3 Kf4 {%02
 (I do not have a page two, nor know if there should be one, but at this
juncture, Black should play on unless time is an issue.  My computer scores
this position as (-5.56).  White's king has to stay near the h pawn while Black's king is free to chase off the White knight.)}
 1/2-1/2

[Event "Washington Class Championships"]
[Site "Lynnwood, WA"]
[Date "2013.11.30"]
[Round "1"]
[White "Kalina Chris  (MN)"]
[Black "Feng Roland  (WA)"]
[Result "0-1"]
[WhiteElo "2131"]
[BlackElo "2278"]
[Annotator ""]
[Source ""]
[Remark "Master"]

1.d4 {%03(Comments by Kalina)} Nf6 2.c4 c5 3.d5 b5 4.cxb5 a6
5.bxa6 g6 6.Nc3 Bxa6 7.e4 Bxf1 8.Kxf1 d6 9.Nge2 Bg7 10.h3 O-O
11.Kg1 Qa5 12.Kh2 Nbd7 13.Qc2 Rfb8 14.Rb1 Ne5 15.Rd1 Nc4 16.a4
{%02 Played to prevent Na3 by Black.} Qb4 17.b3 {?} {
 The Benko Gambit is very similar to the Sicilian Dragon in that it is
generally not a possibility to allow Black to have a dark squared bishop left unopposed.}
Na3 18.Bxa3 Qxa3 19.Nb5 { White tries to blockade on the light squares of the queenside.}
Qb4 20.f3 Nd7 21.Nc1 c4 {!} { A thematic break that allows Black to attack several weakened squares.}
22.bxc4 Qxa4 23.Nb3 Rc8 { Black threatens to take the c4 pawn gaining a tempo or winning a piece with Qxb5.}
24.Qf2 Qxc4 25.N5d4 Nc5 26.Rdc1 Be5+ 27.Kg1 Qa4 28.Nxc5 Rxc5
{ The rook at c5 is immune from capture because of the skewer on the queen.}
29.Ne2 Rc2 30.f4 {?} { Losing materia by force.  White needed to keep the pawn structure solid and hope to hold the knight vs. bishop position.}
Bb2 {!} { Probably the most efficient.  Also possible wa 30. ... Qxe4 with threats on the second rank.}
31.Rxc2 Qxc2 32.Nc3 {??} Qxf2+ 33.Kxf2 Bxc3 34.Rb3 Bd4+ 35.Kg3
Bc5 36.Kh4 f6 0-1

[Event "Washington Class Championships"]
[Site "Lynnwood, WA"]
[Date "2013.11.30"]
[Round "1"]
[White "Mathews Dan  (WA)"]
[Black "Yeo Noah  (WA)"]
[Result "1-0"]
[WhiteElo "1750"]
[BlackElo "1635"]
[Annotator ""]
[Source ""]
[Remark "B"]

1.e4 e5 2.Nf3 Nc6 3.Nc3 Nf6 4.Be2 Bc5 5.O-O O-O 6.d3 h6 7.h3
d6 8.Be3 Bb6 9.Bxb6 axb6 10.d4 exd4 11.Nxd4 Bd7 12.Bf3 Re8 13.Re1
Ne5 14.Be2 Ng6 15.Bd3 Nf4 16.Qf3 Nxd3 17.cxd3 c5 18.Nf5 Be6 19.Nxd6
Qxd6 20.e5 Qc6 21.Qxc6 bxc6 22.exf6 gxf6 23.Ne4 Kg7 24.a3 Rad8
25.Re3 Bf5 26.Rg3+ Bg6 27.f4 f5 28.Nc3 Rd4 29.Rf1 Kh7 30.Rff3
h5 31.Re3 Rxe3 32.Rxe3 Rxf4 33.Ne2 Ra4 34.Re7 b5 35.Rc7 Ra6 36.d4
c4 37.Nf4 Kg7 38.d5 cxd5 39.Nxd5 Rd6 40.Nc3 f4 41.Rc5 Rb6 42.Rxb5
Rxb5 43.Nxb5 Be4 44.Nc3 Bc6 45.Ne2 f3 46.Nd4 Ba4 47.Nxf3 Kf6
48.Kf2 Kf5 49.Ke3 f6 50.Nd2 Bb5 51.g3 Ke5 52.Nf3+ Kd5 53.Nd4
Bd7 54.h4 Ke5 55.Ne2 Bg4 56.Nc3 Bd7 57.a4 Kd6 58.Kd4 Be6 59.Ne4+
Kc6 60.Nxf6 Bf7 61.Ne4 Bg8 62.Nd2 c3 63.bxc3 Kb6 64.c4 Ka5 65.c5
Be6 66.Ne4 Kxa4 67.Nf6 {%02'time'} 1-0

[Event "Washington Class Championships"]
[Site "Lynnwood, WA"]
[Date "2013.11.30"]
[Round "1"]
[White "Thomas Arjun  (WA)"]
[Black "Hendricks David  (WA)"]
[Result "1/2-1/2"]
[WhiteElo "1611"]
[BlackElo "1693"]
[Annotator ""]
[Source ""]
[Remark "B"]

1.e4 c5 2.c3 Nc6 3.Nf3 g6 4.d4 cxd4 5.cxd4 Bg7 6.Nc3 d6 7.h3
Nf6 8.Bc4 O-O 9.O-O a6 10.a4 Bd7 11.Be3 Rc8 ( 11...Na5 12.Bd3
Rc8 13.Nd2 Rc6 14.Rc1 Qc7 15.d5 Rc5 16.Bxc5 dxc5 17.Nc4 Nxc4
18.Bxc4 Rd8 19.Qe2 Ne8 20.b3 Bd4 21.Qf3 Nd6 22.Bd3 e5 23.dxe6
fxe6 24.Ne2 Rf8 25.Qg3 e5 26.Nxd4 exd4 27.f4 Ne8 28.Bc4+ Kh8
29.Qg5 Nd6 30.Qe5+ {1-0, Podobnik Marijan (CRO) 2245 - Gimeno Francisco, Internet 2003.03.15}
) 12.Be2 Na5 13.e5 dxe5 14.Nxe5 Be8 15.Rc1 Nd7 16.Nxd7 Bxd7 17.Re1
Nc4 18.Qb3 Nxe3 19.fxe3 Rc7 20.Bf3 e6 21.d5 Bxc3 22.bxc3 exd5
23.Rcd1 Qc8 24.Rb1 Be6 25.Bxd5 Bxd5 26.Qxd5 Rd8 27.Qf3 Rxc3 28.Rxb7
Rd7 29.Rxd7 Qxd7 30.Qa8+ Kg7 31.Qxa6 Rc2 32.Qb5 Qd2 33.Qe5+ f6
34.Qg3 Ra2 35.Qc7+ Kf8 36.Qg3 h5 37.Rb1 Rxa4 38.Rb8+ Kg7 39.Qc7+
Kh6 40.Rh8+ Kg5 41.Qg3+ Kf5 42.Qf3+ Kg5 43.Qg3+ Kf5 44.Qf3+ 1/2-1/2

[Event "Washington Class Championships"]
[Site "Lynnwood, WA"]
[Date "2013.11.30"]
[Round "1"]
[White "O'Neil Ray  (WA)"]
[Black "Newstead Brumas  (WA)"]
[Result "0-1"]
[WhiteElo "1245"]
[BlackElo "1510"]
[Annotator ""]
[Source ""]
[Remark "D"]

1.a3 e5 2.c4 Nf6 3.Nf3 Nc6 4.d3 d5 5.cxd5 Nxd5 6.g3 Be7 7.Bg2
O-O 8.O-O Bg4 9.h3 Be6 10.Kh2 Qd7 11.Nc3 a6 12.Nxd5 Bxd5 13.e3
Rad8 14.d4 exd4 15.exd4 Bf6 16.Be3 Rfe8 17.Ne5 Nxe5 18.Bxd5 Qxd5
19.dxe5 Qxe5 20.Qc2 Qxb2 21.Qxc7 Rc8 22.Qa5 Rxe3 0-1